| 000 | 00689nam a2200217 a 4500 | ||
|---|---|---|---|
| 001 | 1651 | ||
| 005 | 20140414131919.0 | ||
| 008 | 010404s19uu xx 00 eng d | ||
| 050 |
_aER _bM66 Vol.2 |
||
| 245 | _aMini treaure chest of great fairy tales II, book 4. | ||
| 260 |
_aMontreal, Canada : _bTormont Publications, _c[n.d.] |
||
| 300 | _a16 p. : ill. ; cm. | ||
| 440 | _aThe Mini Treasure Chest of Great Fairy Tales. | ||
| 500 | _aBook 4: The Tin Soldier; The Lion Goes to War; The Adventures of Tom Thumb; The Horse and the Donkey. | ||
| 650 | _aChildren's stories. | ||
| 650 | _aFairy Tales. | ||
| 999 |
_c111662 _d111662 |
||